[Event "Mombaca op 6th"]
[Site "Mombaca"]
[Date "2022.08.20"]
[Round "3"]
[White "De Freitas, Fabio Ruiz"]
[Black "Correia da Silva, Gabriel Medeiros"]
[Result "1-0"]
[WhiteElo "1675"]
[BlackElo "1215"]
[PlyCount "67"]
[EventDate "2022.08.19"]
[EventType "swiss"]
[EventRounds "6"]
[EventCountry "BRA"]
[SourceTitle "CBM 210 Extra"]
[Source "ChessBase"]
[SourceDate "2022.11.30"]
[SourceVersion "1"]
[SourceVersionDate "2022.11.30"]
[SourceQuality "1"]

1. Nf3 c5 2. c4 Nf6 3. b3 e6 4. Bb2 Be7 5. g3 0-0 6. Bg2 Nc6 7. 0-0 d5 8. e3 d4 9. exd4 cxd4 10. d3 e5 11. Na3 a6 12. Nc2 Bg4 13. h3 Bh5 14. g4 Bg6 15. b4 Nd7 16. b5 axb5 17. cxb5 Nb4 18. Nxb4 Bxb4 19. Qb3 Ba5 20. Rac1 Kh8 21. Ba3 Re8 22. Rfd1 Bb6 23. Nd2 Ra7 24. Ne4 Bxe4 25. Bxe4 Nf6 26. Bf5 Kg8 27. Rc8 Qxc8 28. Bxc8 Rxc8 29. Rc1 Rca8 30. Bd6 Nd7 31. Qd5 h6 32. Bc7 Bxc7 33. Rxc7 Nb6 34. Qxf7+ 1-0

[Event "Vale Paraiba-ch"]
[Site "Sao Jose dos Campos"]
[Date "2022.04.22"]
[Round "3"]
[White "De Freitas, Fabio Ruiz"]
[Black "Alves, Danilo Vieira"]
[Result "0-1"]
[WhiteElo "1660"]
[BlackElo "1745"]
[PlyCount "78"]
[EventDate "2022.04.21"]
[EventType "swiss"]
[EventRounds "6"]
[EventCountry "BRA"]
[SourceTitle "EXT 2023"]
[Source "ChessBase"]
[SourceDate "2022.10.05"]
[SourceVersion "1"]
[SourceVersionDate "2022.10.05"]
[SourceQuality "1"]

1. Nf3 d5 2. c4 d4 3. b4 c5 4. e3 dxe3 5. fxe3 cxb4 6. d4 e6 7. Be2 Nf6 8. 0-0 Be7 9. a3 0-0 10. axb4 Bxb4 11. Bb2 b6 12. Ne5 Bb7 13. Bf3 Qc7 14. Nc3 Bxf3 15. Qxf3 Bxc3 16. Bxc3 Nbd7 17. Nc6 h5 18. Bb4 Rfe8 19. Rac1 a5 20. Ba3 Nf8 21. Ne7+ Kh7 22. e4 Rxe7 23. Bxe7 Qxe7 24. e5 Qd8 25. exf6 g6 26. Qb7 Nd7 27. d5 Rb8 28. Qc6 Rc8 29. Qd6 Nc5 30. Qe7 Kg8 31. Rb1 exd5 32. cxd5 Qxd5 33. Rfd1 Nd3 34. Qe3 Rd8 35. Rxb6 Kh7 36. Rbb1 a4 37. Ra1 Qb3 38. Rab1 Qc4 39. Rb7 Rd6 0-1

[Event "Sao Jose dos Campos op"]
[Site "Sao Jose dos Campos"]
[Date "2021.10.12"]
[Round "7"]
[White "De Freitas, Fabio Ruiz"]
[Black "Luz, Fabio Cesar Da"]
[Result "1/2-1/2"]
[WhiteElo "1631"]
[BlackElo "1719"]
[PlyCount "88"]
[EventDate "2021.10.09"]
[EventType "swiss"]
[EventRounds "7"]
[EventCountry "BRA"]
[SourceTitle "CBM 204 Extra"]
[Source "ChessBase"]
[SourceDate "2021.11.30"]
[SourceVersion "1"]
[SourceVersionDate "2021.11.30"]
[SourceQuality "1"]

1. Nf3 Nf6 2. c4 e6 3. g3 d5 4. Bg2 Be7 5. 0-0 0-0 6. b3 c5 7. e3 Nc6 8. Bb2 dxc4 9. bxc4 Qb6 10. Qc2 Rd8 11. Nc3 e5 12. Rab1 g6 13. Nd5 Nxd5 14. cxd5 Nb4 15. Qc4 Qa6 16. Qxa6 Nxa6 17. Nxe5 f6 18. Nc4 Rb8 19. e4 b5 20. Ne3 Nb4 21. f4 Bb7 22. e5 Nxd5 23. Nxd5 Bxd5 24. exf6 Bf8 25. Be5 Bxg2 26. Kxg2 Rxd2+ 27. Rf2 Rxf2+ 28. Kxf2 Rb7 29. g4 c4 30. g5 b4 31. Ke3 Rd7 32. Ke2 a5 33. Rc1 c3 34. Rd1 Rxd1 35. Kxd1 Kf7 36. Kc2 h6 37. h4 hxg5 38. hxg5 Ke6 39. a3 bxa3 40. Bxc3 Kf5 41. Bxa5 Kxf4 42. Bd2+ Kf5 43. Kb3 Ke6 44. Bc1 Bd6 1/2-1/2

[Event "Sao Jose dos Campos op"]
[Site "Sao Jose dos Campos"]
[Date "2021.10.09"]
[Round "2"]
[White "De Freitas, Fabio Ruiz"]
[Black "Metidieri, Diogenes Galavotti"]
[Result "1-0"]
[WhiteElo "1631"]
[BlackElo "1149"]
[PlyCount "35"]
[EventDate "2021.10.09"]
[EventType "swiss"]
[EventRounds "7"]
[EventCountry "BRA"]
[SourceTitle "CBM 204 Extra"]
[Source "ChessBase"]
[SourceDate "2021.11.30"]
[SourceVersion "1"]
[SourceVersionDate "2021.11.30"]
[SourceQuality "1"]

1. Nf3 d5 2. c4 Nf6 3. cxd5 Qxd5 4. Nc3 Qh5 5. d4 Bf5 6. Qb3 b6 7. e3 Nc6 8. Be2 0-0-0 9. Ne5 Nxe5 10. Bxh5 Nd3+ 11. Ke2 Nxh5 12. Qxf7 Bg4+ 13. f3 Ndf4+ 14. exf4 Rxd4 15. fxg4 Nxf4+ 16. Bxf4 g6 17. Bxc7 Kxc7 18. Nb5+ 1-0

[Event "Sao Jose dos Campos op 3rd"]
[Site "Sao Jose dos Campos"]
[Date "2021.08.22"]
[Round "5"]
[White "De Freitas, Fabio Ruiz"]
[Black "Silva, Kaua Marques"]
[Result "0-1"]
[WhiteElo "1618"]
[BlackElo "2075"]
[PlyCount "66"]
[EventDate "2021.08.21"]
[EventType "swiss"]
[EventRounds "5"]
[EventCountry "BRA"]
[SourceTitle "CBM 204 Extra"]
[Source "ChessBase"]
[SourceDate "2021.11.30"]
[SourceVersion "1"]
[SourceVersionDate "2021.11.30"]
[SourceQuality "1"]

1. Nf3 d5 2. c4 d4 3. b4 f6 4. e3 e5 5. c5 a5 6. Qa4+ c6 7. Bc4 Na6 8. 0-0 Bg4 9. Bxg8 Rxg8 10. Qb3 Qd5 11. exd4 e4 12. b5 Qxb3 13. axb3 exf3 14. bxa6 Rxa6 15. Nc3 Be6 16. d5 Bxd5 17. Nxd5 cxd5 18. d4 fxg2 19. Re1+ Kd7 20. Bd2 Be7 21. Rxa5 Rga8 22. Rea1 Rxa5 23. Rxa5 Rxa5 24. Bxa5 Kc6 25. Kxg2 Kb5 26. Bc3 Bd8 27. Kf3 Ba5 28. Ba1 Kb4 29. Kf4 g6 30. Ke3 Kxb3 31. Kd3 Bb4 32. f4 f5 33. h3 Ba5 0-1

[Event "Sao Paulo Karman Cup"]
[Site "Sao Paulo"]
[Date "2019.08.17"]
[Round "3"]
[White "De Freitas, Fabio Ruiz"]
[Black "Melo, Sergio Roberto Samp"]
[Result "0-1"]
[WhiteElo "1596"]
[BlackElo "1747"]
[PlyCount "68"]
[EventDate "2019.08.16"]
[EventType "swiss"]
[EventRounds "6"]
[EventCountry "BRA"]
[SourceTitle "EXT 2020"]
[Source "ChessBase"]
[SourceDate "2019.10.17"]
[SourceVersion "1"]
[SourceVersionDate "2019.10.17"]
[SourceQuality "1"]

1. Nf3 e6 2. c4 Nf6 3. g3 b6 4. Bg2 Bb7 5. 0-0 Be7 6. Nc3 0-0 7. b3 Ne4 8. Nxe4 Bxe4 9. d4 Bf6 10. Bb2 c5 11. e3 Nc6 12. Ne5 Bxg2 13. Kxg2 Qc7 14. f4 d6 15. Ng4 Be7 16. d5 exd5 17. Qxd5 Nb4 18. Qd2 f5 19. Qc3 Bd8 20. a3 fxg4 21. axb4 Bf6 22. Qc2 Qc6+ 23. Kg1 Bxb2 24. Qxb2 Qe4 25. Qd2 Rfe8 26. Rfe1 cxb4 27. Qxd6 Red8 28. Qxb4 Rd3 29. Ra2 Rxe3 30. Rxe3 Qxe3+ 31. Kg2 Qe4+ 32. Kg1 Rd8 33. Ra1 Qe3+ 34. Kh1 Qe4+ 0-1

[Event "Sao Paulo Karman Cup"]
[Site "Sao Paulo"]
[Date "2019.08.16"]
[Round "1"]
[White "De Freitas, Fabio Ruiz"]
[Black "Hacker, Lucas Wey"]
[Result "1-0"]
[WhiteElo "1596"]
[BlackElo "1331"]
[PlyCount "55"]
[EventDate "2019.08.16"]
[EventType "swiss"]
[EventRounds "6"]
[EventCountry "BRA"]
[SourceTitle "EXT 2020"]
[Source "ChessBase"]
[SourceDate "2019.10.17"]
[SourceVersion "1"]
[SourceVersionDate "2019.10.17"]
[SourceQuality "1"]

1. Nf3 Nf6 2. c4 d6 3. b4 e5 4. d3 Be6 5. Nbd2 Nbd7 6. Bb2 d5 7. cxd5 Bxd5 8. a3 e4 9. dxe4 Nxe4 10. Nxe4 Bxe4 11. Qd4 Nf6 12. Qe3 Qe7 13. Bxf6 gxf6 14. Rd1 Bg6 15. Qb3 a5 16. Qa4+ c6 17. Nd4 Be4 18. f3 Bd5 19. e4 Ra6 20. Bxa6 Bxe4 21. fxe4 Qxe4+ 22. Be2 Qxg2 23. Bf3 Qg5 24. Bxc6+ Ke7 25. Nf5+ Qxf5 26. Rd2 Ke6 27. Qb3+ Ke5 28. Qe3+ 1-0

[Event "Aldeia de Barueri op"]
[Site "Aldeia de Barueri"]
[Date "2017.08.06"]
[Round "6"]
[White "Ikejiri, Daniel Yoshito"]
[Black "De Freitas, Fabio Ruiz"]
[Result "1-0"]
[WhiteElo "1973"]
[BlackElo "1576"]
[PlyCount "25"]
[EventDate "2017.08.04"]
[EventType "swiss"]
[EventRounds "6"]
[EventCountry "BRA"]
[SourceTitle "CBM 180 Extra"]
[Source "ChessBase"]
[SourceDate "2017.10.06"]
[SourceVersion "1"]
[SourceVersionDate "2017.10.06"]
[SourceQuality "1"]

1. e4 c5 2. c3 d5 3. exd5 Qxd5 4. d4 g6 5. Nf3 Bg7 6. Na3 cxd4 7. Bc4 Qe4+ 8. Be3 Nh6 9. cxd4 Bg4 10. Nb5 Na6 11. Nc3 Bxf3 12. Qa4+ Qc6 13. Bb5 1-0

[Event "Sao Paulo Hebraica op 24th"]
[Site "Sao Paulo"]
[Date "2017.01.13"]
[Round "1"]
[White "Da Silva Junior, Sediney Mari"]
[Black "De Freitas, Fabio Ruiz"]
[Result "1-0"]
[WhiteElo "1999"]
[BlackElo "1581"]
[PlyCount "55"]
[EventDate "2017.01.13"]
[EventType "swiss"]
[EventRounds "6"]
[EventCountry "BRA"]
[SourceTitle "CBM 176 Extra"]
[Source "ChessBase"]
[SourceDate "2017.03.02"]
[SourceVersion "1"]
[SourceVersionDate "2017.03.02"]
[SourceQuality "1"]

1. e4 c5 2. c3 g6 3. d4 d5 4. exd5 Qxd5 5. Nf3 Bg7 6. Be2 Nc6 7. Na3 cxd4 8. Nb5 Qd8 9. Nbxd4 Nxd4 10. cxd4 Nf6 11. 0-0 0-0 12. Re1 Bd7 13. Ne5 Bc6 14. Nxc6 bxc6 15. Bg5 Qb6 16. Bf3 Rfd8 17. Rxe7 Rxd4 18. Qc2 Rad8 19. Be3 Qb4 20. Rxa7 Rc4 21. Qe2 Nd5 22. Rd1 Nxe3 23. Rxd8+ Bf8 24. Qxe3 Qxb2 25. Rxf8+ Kxf8 26. Qe7+ Kg8 27. Qxf7+ Kh8 28. Qxh7# 1-0

[Event "BRA-ch Amateur U1800"]
[Site "Sao Paulo"]
[Date "2016.05.28"]
[Round "5"]
[White "Hoshino, Meilin"]
[Black "De Freitas, Fabio Ruiz"]
[Result "0-1"]
[WhiteElo "1284"]
[BlackElo "1547"]
[PlyCount "120"]
[EventDate "2016.05.26"]
[EventType "swiss"]
[EventRounds "7"]
[EventCountry "BRA"]
[SourceTitle "EXT 2019"]
[Source "ChessBase"]
[SourceDate "2018.10.10"]
[SourceVersion "1"]
[SourceVersionDate "2018.10.10"]
[SourceQuality "1"]

1. d4 Nf6 2. c4 c5 3. d5 e6 4. Nc3 exd5 5. cxd5 d6 6. Bg5 g6 7. h3 a6 8. a4 Bg7 9. e4 0-0 10. Nf3 Nbd7 11. Bd3 Rb8 12. Nd2 Qc7 13. 0-0 b6 14. Qe2 Ra8 15. Bf4 Nh5 16. Bh2 Ne5 17. Bc4 Nf6 18. Rfc1 Ne8 19. Na2 f5 20. exf5 Nxc4 21. Nxc4 Bxf5 22. Re1 Bf6 23. Bf4 b5 24. axb5 axb5 25. Ne3 Bd7 26. Nc3 Rxa1 27. Rxa1 Bxc3 28. bxc3 Rxf4 29. Rc1 Ng7 30. Qd2 Re4 31. Nc2 Qc8 32. f3 Re5 33. Na3 Qe8 34. Rd1 Re2 35. Qf4 Re1+ 36. Rxe1 Qxe1+ 37. Kh2 Qe5 38. Qxe5 dxe5 39. Kg1 b4 40. cxb4 cxb4 41. Nb1 Kf7 42. Kf2 Nf5 43. Ke2 Ne7 44. d6 Nc6 45. Kd3 Ke6 46. Ke4 Kxd6 47. f4 Bf5+ 48. Ke3 exf4+ 49. Kxf4 Bxb1 50. Kg5 h5 51. g3 b3 52. h4 b2 53. g4 hxg4 54. Kxg4 Bc2 55. Kg5 b1Q 56. Kh6 Qh1 57. Kg7 Qxh4 58. Kg8 Ke7 59. Kg7 g5 60. Kg8 Qh7# 0-1